<?xml version="1.0" encoding="UTF-8"?>
<collection xmlns="http://www.loc.gov/MARC21/slim">
 <record>
  <leader>01592nma a2200229 a 4500</leader>
  <controlfield tag="001">1/35618</controlfield>
  <controlfield tag="008">081015s2005    gr     f   ba       gre  </controlfield>
  <datafield tag="020" ind1=" " ind2=" ">
   <subfield code="a">9607995635</subfield>
  </datafield>
  <datafield tag="035" ind1=" " ind2=" ">
   <subfield code="l">38134</subfield>
  </datafield>
  <datafield tag="040" ind1=" " ind2=" ">
   <subfield code="a">GR-PeUP</subfield>
  </datafield>
  <datafield tag="082" ind1="0" ind2="0">
   <subfield code="a">CD-ROM 005.43 ΠΡΟ</subfield>
  </datafield>
  <datafield tag="090" ind1=" " ind2=" ">
   <subfield code="a">005.43 ΠΡΟ</subfield>
  </datafield>
  <datafield tag="245" ind1="0" ind2="0">
   <subfield code="a">Προπαρασκευαστικό υλικό για το ECDL</subfield>
   <subfield code="h">[computer file] :</subfield>
   <subfield code="b">ενότητες 1 &amp; 2 Βασικές Έννοιες Πληροφορικής, Χρήση Η/Υ &amp; Διαχείριση Αρχείων.</subfield>
  </datafield>
  <datafield tag="260" ind1="0" ind2=" ">
   <subfield code="a">Αθήνα :</subfield>
   <subfield code="b">Inte*learn,</subfield>
   <subfield code="c">2005.</subfield>
  </datafield>
  <datafield tag="300" ind1=" " ind2=" ">
   <subfield code="a">1 computer laser optical disk ;</subfield>
   <subfield code="c">4 3/4 in.</subfield>
  </datafield>
  <datafield tag="500" ind1=" " ind2=" ">
   <subfield code="a">In Application TESting.</subfield>
  </datafield>
  <datafield tag="520" ind1=" " ind2=" ">
   <subfield code="a">Το cd-rom περιλαμβάνει: 5 τέστ Inates σε κάθε ενότητα, 36 ερωτήσεις Inates ανά τέστ, 180 ερωτήσεις Inates σε κάθε ενότητα, Συνολικά 360 ερωτήσεις Inates, Συμβατό με τις εκδόσεις των Microsoft Windows 2000, XP και 2003, Όλες οι ερωτήσεις βασίζονται στο ECDL Syllabus 4.0, Σύστημα ίδιο με αυτό των πραγματικών εξετάσεων του ECDL.</subfield>
  </datafield>
  <datafield tag="538" ind1=" " ind2=" ">
   <subfield code="a">Ελάχιστες απαιτήσεις συστήματος: Pentium 266MHz - 128 MB RAM - Windows 2000/XP/2003.</subfield>
  </datafield>
  <datafield tag="650" ind1=" " ind2="4">
   <subfield code="a">CD-ROMs.</subfield>
  </datafield>
  <datafield tag="650" ind1=" " ind2="4">
   <subfield code="a">European computer driving licence.</subfield>
  </datafield>
  <datafield tag="650" ind1=" " ind2="4">
   <subfield code="a">Λειτουργικά συστήματα.</subfield>
  </datafield>
  <datafield tag="852" ind1=" " ind2=" ">
   <subfield code="a">INST</subfield>
   <subfield code="b">UNIPILB</subfield>
   <subfield code="c">MMEDIA</subfield>
   <subfield code="e">20081015</subfield>
   <subfield code="h">CD-ROM 005.43 ΠΡΟ</subfield>
   <subfield code="p">00156538</subfield>
   <subfield code="q">00156538</subfield>
   <subfield code="t">NOLOAN</subfield>
   <subfield code="y">23</subfield>
   <subfield code="4">1</subfield>
  </datafield>
 </record>
</collection>
